000 00280nam a22001217a 4500
008 230602b xxu||||| |||| 00| 0 eng d
082 _a291.38
_bNGU
100 _d2009
245 _aCelebrating the life of Leonard James Ngugi
300 _a15
500 _aPicture
942 _2ddc
_cBK
999 _c140
_d140